Biryani/ (Record no. 48278)

MARC details
000 -LEADER
fixed length control field 03010cam a2200373 a 4500
005 - DATE AND TIME OF LATEST TRANSACTION
control field 20031230185550.0
010 ## - LCCN (DPL NO)
LC control number ENG-101670 B-425192-203
020 ## - INTERNATIONAL STANDARD BOOK NUMBER
Terms of availability 795.00
International Standard Book Number 9788184000931
035 ## - SYSTEM CONTROL NUMBER
System control number EN-85203 B-425192-203
037 ## - SOURCE OF ACQUISITION
Source of stock number/acquisition DBAD/PUB
037 ## - SOURCE OF ACQUISITION
Source of stock number/acquisition RBC/VEN
082 ## - DEWEY DECIMAL CLASSIFICATION NUMBER
Classification number 641.5
100 1# - MAIN ENTRY--PERSONAL NAME
Personal name Pratibha Karan
245 10 - TITLE STATEMENT
Title Biryani/
Statement of responsibility, etc by Pratibha Karan
260 ## - PUBLICATION, DISTRIBUTION, ETC. (IMPRINT)
Place of publication, distribution, etc Noida
Name of publisher, distributor, etc Random House India
Date of publication, distribution, etc 2010
270 ## - ADDRESS
Address Mind Mill Corporate Tower, 2nd Floor, Plot No 24A Sector 16A,
City Noida
Postal code 201301
300 1# - PHYSICAL DESCRIPTION
Extent 200p.:
Dimensions 25cm (Hb)
Other physical details ill
700 ## - ADDED ENTRY--PERSONAL NAME
9 (RLIN) 22431
942 ## - ADDED ENTRY ELEMENTS (KOHA)
Source of classification or shelving scheme Dewey Decimal Classification
Item type English Books
Call number suffix PRA
Classification part 641.5
Holdings
Withdrawn status Lost status Not for loan Collection code Home library Current library Date acquired Source of acquisition Cost, normal purchase price Full call number Barcode Copy number Cost, replacement price Koha item type
      Non-fiction Bawana Bawana 25/04/2011 RBC/22493/23.3.11/76/4.3.11/25.3.11 795.00 641.5 PRA B-425201 1 795.00 English Books
      Non-fiction Central Library Central Library 21/04/2011 RBC/22493/23.3.11/76/4.3.11/25.3.11 795.00 641.5 PRA B-425192 2 795.00 English Books
      Non-fiction Central Library Central Library 21/04/2011 RBC/22493/23.3.11/76/4.3.11/25.3.11 795.00 641.5 PRA B-425193 2 795.00 English Books
    Not For Loan Non-fiction D.B.Act.Division D.B.Act.Division 08/10/2010 DBAD/PUB 795.00 641.5 PRA EN-85203 1 795.00 English Books
      Non-fiction Mobile Library Mobile Library 25/04/2011 RBC/22493/23.3.11/76/4.3.11/25.3.11 795.00 641.5 PRA B-425194 5 795.00 English Books
      Non-fiction Mobile Library Mobile Library 25/04/2011 RBC/22493/23.3.11/76/4.3.11/25.3.11 795.00 641.5 PRA B-425195 5 795.00 English Books
      Non-fiction Mobile Library Mobile Library 25/04/2011 RBC/22493/23.3.11/76/4.3.11/25.3.11 795.00 641.5 PRA B-425196 5 795.00 English Books
      Non-fiction Mobile Library Mobile Library 25/04/2011 RBC/22493/23.3.11/76/4.3.11/25.3.11 795.00 641.5 PRA B-425197 5 795.00 English Books
      Non-fiction Mobile Library Mobile Library 25/04/2011 RBC/22493/23.3.11/76/4.3.11/25.3.11 795.00 641.5 PRA B-425198 5 795.00 English Books
  Written-off vide DLB M. No. 383 dt 16.05.19   Non-fiction Patel Nagar Patel Nagar 25/04/2011 RBC/22493/23.3.11/76/4.3.11/25.3.11 795.00 641.5 PRA B-425199 1 795.00 English Books
      Non-fiction Sarojini Nagar Sarojini Nagar 25/04/2011 RBC/22493/23.3.11/76/4.3.11/25.3.11 795.00 641.5 PRA B-425200 1 795.00 English Books
      Non-fiction Shahdara Branch Shahdara Branch 25/04/2011 RBC/22493/23.3.11/76/4.3.11/25.3.11 795.00 641.5 PRA B-425202 1 795.00 English Books
      Non-fiction Yojana Vihar Yojana Vihar 25/04/2011 RBC/22493/23.3.11/76/4.3.11/25.3.11 795.00 641.5 PRA B-425203 1 795.00 English Books

© Delhi Public Library
Hit Counter
free hit counter